Gaceta Jurisprudencial (Registro nro. 29572)

Detalles MARC
000 -LEADER
fixed length control field 01096nas a2200265 a 4500
003 - CONTROL NUMBER IDENTIFIER
control field CO-CtgCURN
005 - DATE AND TIME OF LATEST TRANSACTION
control field 20250407152859.0
007 - PHYSICAL DESCRIPTION FIXED FIELD--GENERAL INFORMATION
fixed length control field cr || aaaaa
008 - FIXED-LENGTH DATA ELEMENTS--GENERAL INFORMATION
fixed length control field 240812s9999 xx a poo 000 0 und d
022 ## - INTERNATIONAL STANDARD SERIAL NUMBER
International Standard Serial Number  0123-0832 (impreso)
040 ## - CATALOGING SOURCE
Original cataloging agency CO-CtgCURN
Language of cataloging spa
Transcribing agency coctgcurn
082 ## - DEWEY DECIMAL CLASSIFICATION NUMBER
Classification number 610.73
110 ## - MAIN ENTRY--CORPORATE NAME
Corporate name or jurisdiction name as entry element Tribunal Nacional De Ética Médica
9 (RLIN) 10097
245 #0 - TITLE STATEMENT
Title Gaceta Jurisprudencial
Medium [electronic resource] /
Statement of responsibility, etc. Tribunal Nacional de Ética Médica
260 ## - PUBLICATION, DISTRIBUTION, ETC.
Place of publication, distribution, etc. Bogotá, Colombia :
Name of publisher, distributor, etc. Tribunal Nacional de Ética Médica
300 ## - PHYSICAL DESCRIPTION
Extent volúmenes :
Other physical details tablas, ilustraciones, fotografías ;
Dimensions 24 centímetros
504 ## - BIBLIOGRAPHY, ETC. NOTE
Bibliography, etc. note Incluye referencias bibliográficas
521 ## - TARGET AUDIENCE NOTE
Target audience note AREA PROFESIONAL
550 ## - ISSUING BODY NOTE
Issuing body note Publicado por el Tribunal Nacional de Ética Médica
590 ## - LOCAL NOTE (RLIN)
Local note Programa de Enfermería_27
650 ## - SUBJECT ADDED ENTRY--TOPICAL TERM
Topical term or geographic name entry element Enfermería
General subdivision Publicaciones periódicas
Geographic subdivision Colombia
9 (RLIN) 10098
856 ## - ELECTRONIC LOCATION AND ACCESS
Uniform Resource Identifier <a href="https://www.tribunalnacionaldeeticamedica.org/biblioteca/?main_category=1">https://www.tribunalnacionaldeeticamedica.org/biblioteca/?main_category=1</a>
Link text Haga clic para acceso en línea
942 ## - ADDED ENTRY ELEMENTS (KOHA)
Koha item type Revistas electrónicas
Classification part 610.73
Source of classification or shelving scheme Dewey Decimal Classification
Existencias
Withdrawn status Lost status Source of classification or shelving scheme Damaged status Not for loan Collection Home library Current library Date acquired Total checkouts Full call number Date last seen Price effective from Koha item type
    Dewey Decimal Classification     Revistas electrónicas Miguel Henríquez Castañeda Barranquilla Miguel Henríquez Castañeda Barranquilla 06/22/2024   610.73 08/12/2024 08/12/2024 Revistas electrónicas